Countries containing words in Beatles titles - sudden death - Statistics

General Stats
  • This quiz has been taken 122 times
  • The average score is 3 of 15
Answers on the Grid
Answers color-coded by a green-red scale on the quiz's grid according to % correct below.
United Kingdom
Cameroon
Nicaragua
Slovenia
Spain
Singapore
Russia
Mauritania
Azerbaijan
The Gambia
Canada
Rwanda
Brazil
Brunei
Panama
Belgium
Kyrgyzstan
Chile
Vanuatu
Senegal
Croatia
Germany
Kuwait
Norway
Denmark
Indonesia
North Korea
Ukraine
Seychelles
Malaysia
 
Answer Stats
Answer % Correct
Sun King United Kingdom
61%
And Your Bird Can Sing Singapore
26%
She Came In Through The Bathroom Window Cameroon
24%
Blue Jay Way Norway
24%
Nowhere Man Germany
23%
We Can Work It Out Canada
21%
Love Me Do Slovenia
20%
Rain Ukraine
20%
Drive My Car Nicaragua
17%
Wait Kuwait
15%
I Am The Walrus The Gambia
11%
For No One, One After 909 Indonesia
10%
Run for Your Life Brunei
9%
Lovely Rita Mauritania
7%
And I Love Her Rwanda
7%
No matching quizzes found
Score Distribution
Percent of People with Each Score
Percentile by Number Answered
Your Score History
You have not taken this quiz